Equipe de la semaine LDC (quarts de finale aller) [LDC 24-25] - Statistiques

Statistiques générales
  • Ce quiz a été pris 128 fois
  • Le résultat moyen est 10 sur 11
Statistiques - réponses
Poste Club Nationalité Joueur % Correct
MIL Paris Saint-Germain Portugais Vitinha
97%
DEF Arsenal Français William Saliba
96%
G Inter Milan Suisse Yann Sommer
96%
DEF Paris Saint-Germain Portugais Nuno Mendes
95%
ATT FC Barcelone Polonais Robert Lewandowski
95%
ATT FC Barcelone Espagnol Lamine Yamal
94%
MIL Arsenal Anglais Declan Rice
93%
MIL Inter Milan Italien Nicolò Barella
83%
DEF Inter Milan Italien Alessandro Bastoni
74%
DEF Arsenal Néerlandais Jurriën Timber
72%
ATT Paris Saint-Germain Géorgien Khvicha Kvaratskhelia
71%
Aucun quiz correspondant
Distribution des résultats
% des personnes avec chaque résultat
Percentile par nombre de réponses
Votre historique - résultats
Vous n’avez pas pris ce quiz